Разработка ресурсосберегающей технологии получения диоксида кремния из растительного сырья; Научная инициатива иностранных студентов и аспирантов российских вузов; Т. 1

Λεπτομέρειες βιβλιογραφικής εγγραφής
Parent link:Научная инициатива иностранных студентов и аспирантов российских вузов: сборник докладов VI Всероссийской научно-практической конференции, Томск, 24-26 апреля 2013 г./ Ассоциация иностранных студентов в России (АИС); Национальный исследовательский Томский политехнический университет (ТПУ), Институт международного образования и языковой коммуникации (ИМОЯК).— , 2013
Т. 1.— 2013.— [С. 102-103]
Κύριος συγγραφέας: Нгуен Тхи Нгок Ань
Συγγραφή απο Οργανισμό/Αρχή: Национальный исследовательский Томский политехнический университет (ТПУ) Институт природных ресурсов (ИПР) Кафедра общей химической технологии (ОХТ)
Άλλοι συγγραφείς: Эрдман С. В. Светлана Владимировна (научный руководитель)
Περίληψη:Заглавие с титульного экрана
Γλώσσα:Ρωσικά
Έκδοση: 2013
Σειρά:Естественно-научное направление
Θέματα:
Διαθέσιμο Online:http://www.lib.tpu.ru/fulltext/c/2013/C19/V1/010.pdf
Μορφή: MixedMaterials Ηλεκτρονική πηγή Κεφάλαιο βιβλίου
KOHA link:https://koha.lib.tpu.ru/cgi-bin/koha/opac-detail.pl?biblionumber=605417

MARC

LEADER 00000naa2a2200000 4500
001 605417
005 20260227161445.0
035 |a (RuTPU)RU\TPU\conf\2702 
035 |a RU\TPU\conf\2699 
090 |a 605417 
100 |a 20140411d2013 k y0rusy50 ca 
101 0 |a rus 
102 |a RU 
135 |a drnn ---uucaa 
181 0 |a i  
182 0 |a b 
200 1 |a Разработка ресурсосберегающей технологии получения диоксида кремния из растительного сырья  |f Нгуен Тхи Нгок Ань  |g науч. рук. С. В. Эрдман 
203 |a Текст  |c электронный 
225 1 |a Естественно-научное направление 
300 |a Заглавие с титульного экрана 
337 |a Adobe Reader 
461 1 |0 (RuTPU)RU\TPU\conf\71  |t Научная инициатива иностранных студентов и аспирантов российских вузов  |o сборник докладов VI Всероссийской научно-практической конференции, Томск, 24-26 апреля 2013 г.  |f Ассоциация иностранных студентов в России (АИС); Национальный исследовательский Томский политехнический университет (ТПУ), Институт международного образования и языковой коммуникации (ИМОЯК)  |o в 2 т.  |d 2013 
463 1 |0 (RuTPU)RU\TPU\conf\72  |t Т. 1  |v [С. 102-103]  |d 2013 
610 1 |a труды учёных ТПУ 
610 1 |a электронный ресурс 
610 1 |a ресурсосберегающие технологии 
610 1 |a диоксид кремния 
610 1 |a растительное сырье 
700 0 |a Нгуен Тхи Нгок Ань 
702 1 |a Эрдман  |b С. В.  |c химик-технолог  |c доцент Томского политехнического университета, кандидат технических наук  |f 1966-  |g Светлана Владимировна  |4 727 
712 0 2 |a Национальный исследовательский Томский политехнический университет (ТПУ)  |b Институт природных ресурсов (ИПР)  |b Кафедра общей химической технологии (ОХТ)  |3 (RuTPU)RU\TPU\col\18654 
801 2 |a RU  |b 63413507  |c 20230320  |g RCR 
856 4 |u http://www.lib.tpu.ru/fulltext/c/2013/C19/V1/010.pdf 
942 |c CF